00430nam a2200121Ia 4500008004100000020001800041100001600059245012700075260003600202300003500238500001900273650001600292190723s9999 xx 000 0 und d a9781741796940 aBloom, Greg cGreg Bloom; Michael Grosberg; Adam Karlin; Kate MorganaPhilippines:beasy-to-use, new-look guide, comprehensive listings/ aSingapore:bLonely Planetc2012 a478 p. :bcol. ill. ;c200 cm. aIncludes index aPhilippines